| 000 | 00625nam a22001937a 4500 | ||
|---|---|---|---|
| 999 |
_c11548 _d11548 |
||
| 003 | AR-CdUCM | ||
| 008 | 190404b ||||| |||| 00| 0 spa d | ||
| 040 |
_aMUNICIPALIDAD PROVINCIAL DEL CUSCO _cBIBLIOTECA MUNICIPAL DEL CUSCO |
||
| 082 |
_aEP / 468.9 / _bZ35 |
||
| 100 |
_aZapata Santillana, Everardo _927530 |
||
| 245 |
_aRicardo, libro de lectura : _bSexto grado / |
||
| 260 |
_aLima : _bEds. Coquito, |
||
| 300 |
_a138 paginas ; _bIlustraciones, _c23 cm. |
||
| 505 | _aContenido :Libro de lectura / | ||
| 650 |
_aEducacion primaria _91561 |
||
| 650 |
_aTexto de lectura _928968 |
||
| 942 |
_2ddc _cLIBROS |
||
| 945 | _arjall | ||